| 000 | 00000nam##2200000za#4500 |
| 001 | 9.640432 |
| 003 | CaOODSP |
| 005 | 20220505163029 |
| 007 | cr ||||||||||| |
| 008 | 150407|2010||||xxc|||||o f|0| 0 fre|d |
| 040 | |aCaOODSP|bfre |
| 043 | |an-cn--- |
| 086 | 1 |aHP15-15/2010F-PDF |
| 110 | 2 |aAgence de santé publique du Canada. |
| 245 | 10|aLes enfants et les communautés grandissent : |h[ressource électronique]|bprojets du PACE et du PCNP couronnés de succès en matière de santé publique au Canada atlantique / |cpréparé par Camille Fouillard pour l'Agence de santé publique du Canada, région de l'Atlantique. |
| 260 | |bAgence de santé publique du Canada |cAoût 2010. |
| 300 | |a23p.|bphotographies |
| 590 | |a12-26-Supp|b2012-06-07 |
| 691 | 07|aSanté de l'enfant|2gcpds |
| 720 | 1 |aFouillard, Camille |
| 775 | 08|tChildren and communities grow : |w(CaOODSP)9.696287 |
| 856 | 40|ahttp://publications.gc.ca|qPDF|s378 Ko|uhttps://publications.gc.ca/collections/collection_2012/aspc-phac/HP15-15-2010-fra.pdf |